Statistics for Guess The Country By Funny Hint #3: Historical Edition

Click here to take the quiz!

General Stats

  • This quiz has been taken 41 times
  • The average score is 8 of 15

Answer Stats

HintAnswer% Correct
NOT THE AUSTRIAN PAINTER! Anyways, what country did he rule?Nazi Germany
88%
What is Turkey's islamic empire that it wants to be again?Ottoman Empire
85%
This country was invaded by NoNo Germany and Soviet Union but it is alive and breathing today. Guess it!Poland
70%
THIS IS OUR EMPIRE! Or as others call it, Russia's communist father who never lasted for long.Soviet Union
68%
Back when the United States being a superpower was just a small thought, this was what the United States was right after independence. (guess the amount of states it first had) (too easy)13
63%
Austria+Hungary+so many other unimportant European countries=...Austria-Hungary
63%
Biggest empire ever. Nowadays, it is just a small country with a few territories across the world.British Empire
63%
Iran was once an islamic empire, but what was it called? Call it by the former name or empire name. Either way, it counts. No worries.Persia/Persian Empire
63%
This nation doesn't exist anymore, but it was made by combining two beautiful and slightly drunk slavic nations that are in Central Europe. What country is it?Czechoslovakia
60%
I remember when those guys bombed a harbor in Hawaii, it was sad. No really it was terrible. But what country/empire did it?Japanese Empire
58%
Josip Broz Tito. That is all you need to know. Josip Broz Tito.Yugoslavia
58%
Same as upper one, except it surrenders a lot more.French Empire
45%
An empire that was the biggest contiguous empire in history. It is still big, but the population is almost nonexistent.Mongol Empire
38%
An Indian empire that had a flag that looked a little like the German symbol during ww2. Seems like the Germans turned it into an offensive symbol. SCREW YOU HITLER!Mauryan Empire
10%
What is Syria's islamic empire that was the beginning of the big Muslim dynasties?Umayyad Caliphate
8%

Score Distribution

Percentile by Number Answered

Percent of People with Each Score

Your Score History

You have not taken this quiz